000 00592nam a2200217Ia 4500
003 OSt
005 20220928144756.0
006 a|||||r|||| 00| 0
007 ta
008 220927b |||||||| |||| 00| 0 eng d
024 _a76053
037 _cTextual
040 _aSDCL
_cSDCL
_beng
041 _2eng
_aeng
082 _aDeltay7M34, L5
100 _aChakravarti Surath Chandra
_9509669
245 0 _aHidden treasure of the gospel of Sri Ramakrishna.
260 _c1975
942 _hDeltay7M34, L5
_cTEXL
_2CC
999 _c829648
_d829648